<?xml version="1.0" encoding="UTF-8"?>
<record
    xmlns:xsi="http://www.w3.org/2001/XMLSchema-instance"
    xsi:schemaLocation="http://www.loc.gov/MARC21/slim http://www.loc.gov/standards/marcxml/schema/MARC21slim.xsd"
    xmlns="http://www.loc.gov/MARC21/slim">

  <leader>03238cam a2200313 a 4500</leader>
  <controlfield tag="003">EG-GiCUC</controlfield>
  <controlfield tag="005">20250223032759.0</controlfield>
  <controlfield tag="008">210808s2021    ua     f m    000 0 ara d</controlfield>
  <datafield tag="040" ind1=" " ind2=" ">
    <subfield code="a">EG-GiCUC</subfield>
    <subfield code="b">ara</subfield>
    <subfield code="c">EG-GiCUC</subfield>
  </datafield>
  <datafield tag="041" ind1="0" ind2=" ">
    <subfield code="a">ara</subfield>
  </datafield>
  <datafield tag="049" ind1=" " ind2=" ">
    <subfield code="a">&#x627;&#x64A;&#x62F;&#x627;&#x639;</subfield>
  </datafield>
  <datafield tag="097" ind1=" " ind2=" ">
    <subfield code="a">&#x645;&#x627;&#x62C;&#x633;&#x62A;&#x64A;&#x631;</subfield>
  </datafield>
  <datafield tag="099" ind1=" " ind2=" ">
    <subfield code="a">Cai01.02.10.M.A.2021.&#x647;&#x62F;.&#x62A;</subfield>
  </datafield>
  <datafield tag="100" ind1="0" ind2=" ">
    <subfield code="a">&#x647;&#x62F;&#x649; &#x639;&#x628;&#x62F;&#x627;&#x644;&#x644;&#x647; &#x639;&#x644;&#x649; &#x62E;&#x644;&#x64A;&#x641;&#x629;</subfield>
  </datafield>
  <datafield tag="245" ind1="1" ind2="0">
    <subfield code="a">&#x62A;&#x642;&#x646;&#x64A;&#x627;&#x62A; &#x627;&#x644;&#x633;&#x631;&#x62F; &#x641;&#x649; &#x627;&#x644;&#x645;&#x62C;&#x645;&#x648;&#x639;&#x629; &#x627;&#x644;&#x642;&#x635;&#x635;&#x64A;&#x629; &#x627;&#x644;&#x641;&#x627;&#x631;&#x633;&#x64A;&#x629; "&#x623;&#x646;&#x627; &#x627;&#x644;&#x631;&#x627;&#x648;&#x649; &#x627;&#x644;&#x639;&#x644;&#x64A;&#x645;" &#x644;&#x645;&#x635;&#x637;&#x641;&#x649; &#x645;&#x633;&#x62A;&#x648;&#x631; : </subfield>
    <subfield code="b">&#x62F;&#x631;&#x627;&#x633;&#x629; &#x646;&#x642;&#x62F;&#x64A;&#x629; &#x645;&#x639; &#x627;&#x644;&#x62A;&#x631;&#x62C;&#x645;&#x629; = Narrative techniques in the persian collection of short stories "I am the omniscient narrator2 by Mostafa Mastour , A critical study and a translation / </subfield>
    <subfield code="c">&#x647;&#x62F;&#x649; &#x639;&#x628;&#x62F;&#x627;&#x644;&#x644;&#x647; &#x639;&#x644;&#x649; &#x62E;&#x644;&#x64A;&#x641;&#x629; &#x61B; &#x625;&#x634;&#x631;&#x627;&#x641; &#x625;&#x64A;&#x645;&#x627;&#x646; &#x645;&#x62D;&#x645;&#x62F; &#x625;&#x628;&#x631;&#x627;&#x647;&#x64A;&#x645; &#x639;&#x631;&#x641;&#x629;</subfield>
  </datafield>
  <datafield tag="260" ind1=" " ind2=" ">
    <subfield code="a">&#x627;&#x644;&#x642;&#x627;&#x647;&#x631;&#x629; : </subfield>
    <subfield code="b">&#x647;&#x62F;&#x649; &#x639;&#x628;&#x62F;&#x627;&#x644;&#x644;&#x647; &#x639;&#x644;&#x649; &#x62E;&#x644;&#x64A;&#x641;&#x629; : </subfield>
    <subfield code="c">2021</subfield>
  </datafield>
  <datafield tag="300" ind1=" " ind2=" ">
    <subfield code="a">353&#x635; &#x61B; </subfield>
    <subfield code="c">25&#x633;&#x645;</subfield>
  </datafield>
  <datafield tag="502" ind1=" " ind2=" ">
    <subfield code="a">&#x627;&#x637;&#x631;&#x648;&#x62D;&#x629; (&#x645;&#x627;&#x62C;&#x633;&#x62A;&#x64A;&#x631;) - &#x62C;&#x627;&#x645;&#x639;&#x629; &#x627;&#x644;&#x642;&#x627;&#x647;&#x631;&#x629; - &#x643;&#x644;&#x64A;&#x629; &#x627;&#x644;&#x622;&#x62F;&#x627;&#x628; - &#x642;&#x633;&#x645; &#x627;&#x644;&#x644;&#x63A;&#x627;&#x62A; &#x627;&#x644;&#x634;&#x631;&#x642;&#x64A;&#x629; &#x648; &#x622;&#x62F;&#x627;&#x628;&#x647;&#x627;</subfield>
  </datafield>
  <datafield tag="520" ind1=" " ind2=" ">
    <subfield code="a">&#x645;&#x648;&#x636;&#x648;&#x639; &#x627;&#x644;&#x628;&#x62D;&#x62B; &#x647;&#x648; &#x62F;&#x631;&#x627;&#x633;&#x629; &#x62A;&#x642;&#x646;&#x64A;&#x627;&#x62A; &#x627;&#x644;&#x633;&#x631;&#x62F; &#x627;&#x644;&#x62D;&#x62F;&#x64A;&#x62B;&#x629; &#x641;&#x649; &#x645;&#x62C;&#x645;&#x648;&#x639;&#x629; "&#x623;&#x646;&#x627; &#x627;&#x644;&#x631;&#x627;&#x648;&#x649; &#x627;&#x644;&#x639;&#x644;&#x64A;&#x645;" &#x627;&#x644;&#x642;&#x635;&#x635;&#x64A;&#x629; &#x644;&#x644;&#x643;&#x627;&#x62A;&#x628; &#x627;&#x644;&#x625;&#x64A;&#x631;&#x627;&#x646;&#x649; &#x627;&#x644;&#x645;&#x639;&#x627;&#x635;&#x631; "&#x645;&#x635;&#x637;&#x641;&#x649; &#x645;&#x633;&#x62A;&#x648;&#x631;" &#x627;&#x644;&#x630;&#x649; &#x64A;&#x639;&#x62F; &#x645;&#x646; &#x623;&#x628;&#x631;&#x632; &#x623;&#x639;&#x644;&#x627;&#x645; &#x627;&#x644;&#x623;&#x62F;&#x628; &#x641;&#x649; &#x625;&#x64A;&#x631;&#x627;&#x646;: &#x648; &#x648;&#x627;&#x62D;&#x62F;&#x627; &#x645;&#x646; &#x623;&#x647;&#x645; &#x639;&#x634;&#x631;&#x629; &#x631;&#x648;&#x627;&#x626;&#x64A;&#x64A;&#x646; &#x648; &#x623;&#x643;&#x62B;&#x631;&#x647;&#x645; &#x634;&#x639;&#x628;&#x64A;&#x629; &#x62E;&#x644;&#x627;&#x644; &#x645;&#x626;&#x629; &#x639;&#x627;&#x645; &#x645;&#x646; &#x639;&#x645;&#x631; &#x627;&#x644;&#x623;&#x62F;&#x628; &#x627;&#x644;&#x642;&#x635;&#x635;&#x649; &#x627;&#x644;&#x625;&#x64A;&#x631;&#x627;&#x646;&#x649; &#x627;&#x644;&#x62D;&#x62F;&#x64A;&#x62B; &#x648; &#x627;&#x644;&#x645;&#x639;&#x627;&#x635;&#x631;: &#x648; &#x647;&#x630;&#x647; &#x627;&#x644;&#x645;&#x62C;&#x645;&#x648;&#x639;&#x629; &#x645;&#x646; &#x623;&#x647;&#x645; &#x627;&#x644;&#x645;&#x62C;&#x645;&#x648;&#x639;&#x627;&#x62A; &#x627;&#x644;&#x642;&#x635;&#x635;&#x64A;&#x629; &#x627;&#x644;&#x625;&#x64A;&#x631;&#x627;&#x646;&#x64A;&#x629; &#x627;&#x644;&#x645;&#x639;&#x627;&#x635;&#x631;&#x629; &#x627;&#x644;&#x62A;&#x649; &#x62D;&#x635;&#x62F;&#x62A; &#x642;&#x62F;&#x631;&#x627; &#x645;&#x646; &#x627;&#x644;&#x62C;&#x648;&#x627;&#x626;&#x632; &#x627;&#x644;&#x623;&#x62F;&#x628;&#x64A;&#x629; &#x648; &#x644;&#x642;&#x64A;&#x62A; &#x642;&#x628;&#x648;&#x644;&#x627; &#x648; &#x627;&#x647;&#x62A;&#x645;&#x627;&#x645;&#x627; &#x641;&#x649; &#x627;&#x644;&#x645;&#x62C;&#x62A;&#x645;&#x639; &#x627;&#x644;&#x625;&#x64A;&#x631;&#x627;&#x646;&#x649;. &#x648;&#x64A;&#x642;&#x639; &#x627;&#x644;&#x628;&#x62D;&#x62B; &#x641;&#x649; &#x62A;&#x645;&#x647;&#x64A;&#x62F; &#x64A;&#x636;&#x645; &#x62D;&#x64A;&#x627;&#x629; &#x627;&#x644;&#x643;&#x627;&#x62A;&#x628; &#x648; &#x623;&#x639;&#x645;&#x627;&#x644;&#x647; &#x648; &#x622;&#x631;&#x627;&#x621; &#x628;&#x639;&#x636; &#x627;&#x644;&#x646;&#x642;&#x627;&#x62F; &#x639;&#x646;&#x647; &#x648; &#x62A;&#x639;&#x631;&#x64A;&#x641; &#x628;&#x627;&#x644;&#x645;&#x62C;&#x645;&#x648;&#x639;&#x629; &#x627;&#x644;&#x642;&#x635;&#x635;&#x64A;&#x629;. &#x648; &#x627;&#x644;&#x641;&#x635;&#x644; &#x627;&#x644;&#x623;&#x648;&#x644; &#x64A;&#x62A;&#x646;&#x627;&#x648;&#x644; &#x627;&#x644;&#x631;&#x627;&#x648;&#x649; &#x648; &#x627;&#x644;&#x645;&#x646;&#x638;&#x648;&#x631; &#x627;&#x644;&#x633;&#x631;&#x62F;&#x649; &#x641;&#x649; &#x627;&#x644;&#x645;&#x62C;&#x645;&#x648;&#x639;&#x629; &#x641;&#x649; &#x645;&#x628;&#x62D;&#x62B;&#x64A;&#x646;. &#x648; &#x627;&#x644;&#x641;&#x635;&#x644; &#x627;&#x644;&#x62B;&#x627;&#x646;&#x649; &#x64A;&#x62A;&#x646;&#x627;&#x648;&#x644; &#x641;&#x649; &#x62B;&#x644;&#x627;&#x62B;&#x629; &#x645;&#x628;&#x627;&#x62D;&#x62B; &#x627;&#x644;&#x632;&#x645;&#x627;&#x646; &#x648; &#x627;&#x644;&#x645;&#x643;&#x627;&#x646; &#x641;&#x649; &#x627;&#x644;&#x645;&#x62C;&#x645;&#x648;&#x639;&#x629; &#x627;&#x644;&#x642;&#x635;&#x635;&#x64A;&#x629;. &#x648; &#x627;&#x644;&#x641;&#x635;&#x644; &#x627;&#x644;&#x62B;&#x627;&#x644;&#x62B; &#x64A;&#x634;&#x62A;&#x645;&#x644; &#x639;&#x644;&#x649; &#x62B;&#x644;&#x627;&#x62B;&#x629; &#x645;&#x628;&#x627;&#x62D;&#x62B; &#x644;&#x639;&#x631;&#x636; &#x627;&#x644;&#x634;&#x62E;&#x635;&#x64A;&#x629; &#x641;&#x649; &#x627;&#x644;&#x645;&#x62C;&#x645;&#x648;&#x639;&#x629; &#x648; &#x623;&#x628;&#x639;&#x627;&#x62F;&#x647;&#x627; &#x648; &#x639;&#x644;&#x627;&#x642;&#x62A;&#x647;&#x627; &#x628;&#x627;&#x644;&#x62D;&#x62F;&#x62B; &#x648; &#x627;&#x644;&#x631;&#x624;&#x64A;&#x629;. &#x623;&#x645;&#x627; &#x627;&#x644;&#x641;&#x635;&#x644; &#x627;&#x644;&#x631;&#x627;&#x628;&#x639; &#x64A;&#x634;&#x62A;&#x645;&#x644; &#x623;&#x64A;&#x636;&#x64B;&#x627; &#x639;&#x644;&#x649; &#x62B;&#x644;&#x627;&#x62B;&#x629; &#x645;&#x628;&#x627;&#x62D;&#x62B; &#x644;&#x62F;&#x631;&#x627;&#x633;&#x629; &#x638;&#x648;&#x627;&#x647;&#x631; &#x627;&#x644;&#x644;&#x63A;&#x629; &#x627;&#x644;&#x633;&#x631;&#x62F;&#x64A;&#x629; &#x648; &#x645;&#x633;&#x62A;&#x648;&#x64A;&#x627;&#x62A; &#x644;&#x63A;&#x629; &#x627;&#x644;&#x642;&#x635;&#x629; &#x627;&#x644;&#x642;&#x635;&#x64A;&#x631;&#x629; &#x645;&#x646; &#x62D;&#x64A;&#x62B; &#x627;&#x644;&#x633;&#x631;&#x62F; &#x648; &#x627;&#x644;&#x62D;&#x648;&#x627;&#x631; &#x641;&#x649; &#x627;&#x644;&#x645;&#x62C;&#x645;&#x648;&#x639;&#x629; &#x627;&#x644;&#x642;&#x635;&#x635;&#x64A;&#x629;. &#x62B;&#x645; &#x627;&#x644;&#x62E;&#x627;&#x62A;&#x645;&#x629; &#x648; &#x642;&#x627;&#x626;&#x645;&#x629; &#x628;&#x627;&#x644;&#x645;&#x635;&#x627;&#x62F;&#x631; &#x648; &#x627;&#x644;&#x645;&#x631;&#x627;&#x62C;&#x639; &#x648; &#x623;&#x62E;&#x64A;&#x631;&#x627; &#x645;&#x644;&#x62D;&#x642; &#x627;&#x644;&#x62A;&#x631;&#x62C;&#x645;&#x629; &#x627;&#x644;&#x639;&#x631;&#x628;&#x64A;&#x629; &#x627;&#x644;&#x643;&#x627;&#x645;&#x644;&#x629; &#x644;&#x644;&#x645;&#x62C;&#x645;&#x648;&#x639;&#x629;</subfield>
  </datafield>
  <datafield tag="530" ind1=" " ind2=" ">
    <subfield code="a">&#x635;&#x62F;&#x631; &#x627;&#x64A;&#x636;&#x627; &#x643;&#x642;&#x631;&#x635; &#x645;&#x62F;&#x645;&#x62C;</subfield>
  </datafield>
  <datafield tag="653" ind1=" " ind2="4">
    <subfield code="a">&#x627;&#x644;&#x631;&#x627;&#x648;&#x649; &#x627;&#x644;&#x639;&#x644;&#x64A;&#x645;</subfield>
  </datafield>
  <datafield tag="653" ind1=" " ind2="4">
    <subfield code="a">&#x62A;&#x642;&#x646;{u&#x660;&#x666;&#x623;&#x623;}&#x627;&#x62A; &#x627;&#x644;&#x633;&#x631;&#x62F;</subfield>
  </datafield>
  <datafield tag="653" ind1=" " ind2="4">
    <subfield code="a">&#x645;&#x635;&#x637;&#x641;&#x649; &#x645;&#x633;&#x62A;&#x648;&#x631;</subfield>
  </datafield>
  <datafield tag="700" ind1="0" ind2=" ">
    <subfield code="a">&#x625;&#x64A;&#x645;&#x627;&#x646; &#x645;&#x62D;&#x645;&#x62F; &#x625;&#x628;&#x631;&#x627;&#x647;&#x64A;&#x645; &#x639;&#x631;&#x641;&#x629; : </subfield>
    <subfield code="e">&#x645;&#x634;&#x631;&#x641;</subfield>
  </datafield>
  <datafield tag="856" ind1=" " ind2=" ">
    <subfield code="u">http://172.23.153.220/th.pdf</subfield>
  </datafield>
  <datafield tag="905" ind1=" " ind2=" ">
    <subfield code="a">Nazla</subfield>
    <subfield code="e">Revisor</subfield>
  </datafield>
  <datafield tag="905" ind1=" " ind2=" ">
    <subfield code="a">Samia</subfield>
    <subfield code="e">Cataloger</subfield>
  </datafield>
  <datafield tag="942" ind1=" " ind2=" ">
    <subfield code="2">ddc</subfield>
    <subfield code="c">TH</subfield>
  </datafield>
  <datafield tag="999" ind1=" " ind2=" ">
    <subfield code="c">81618</subfield>
    <subfield code="d">81618</subfield>
  </datafield>
  <datafield tag="952" ind1=" " ind2=" ">
    <subfield code="2">ddc</subfield>
    <subfield code="7">0</subfield>
    <subfield code="a">CUCL</subfield>
    <subfield code="b">cl210</subfield>
    <subfield code="d">2024-02-11</subfield>
    <subfield code="o">Cai01.02.10.M.A.2021.&#x647;&#x62F;.&#x62A;</subfield>
    <subfield code="p">01010100028451000</subfield>
    <subfield code="r">2023-09-22 00:00:00</subfield>
    <subfield code="y">TH</subfield>
  </datafield>
  <datafield tag="952" ind1=" " ind2=" ">
    <subfield code="2">ddc</subfield>
    <subfield code="7">0</subfield>
    <subfield code="a">CUCL</subfield>
    <subfield code="b">cl2u8</subfield>
    <subfield code="d">2024-02-11</subfield>
    <subfield code="o">Cai01.02.10.M.A.2021.&#x647;&#x62F;.&#x62A;</subfield>
    <subfield code="p">01020100028451000</subfield>
    <subfield code="r">2023-09-22 00:00:00</subfield>
    <subfield code="t">28451.CD</subfield>
    <subfield code="y">CD</subfield>
  </datafield>
</record>
